Optimization for design problems having more than one objective /

Guardado en:
Autor Principal: Westerberg, Arthur W.
Otros Autores: Clark, P. A.
Formato: Libro
Idioma:English
Publicado: Pittsburgh, Pa. : Design Research Center, 1982.
Materias:
Etiquetas: Agregar Etiqueta
Sin Etiquetas, Sea el primero en etiquetar este registro!
LEADER 00656nam a22001815a 4500
001 EIQ.libpla000502
008 060210s1982####paua#####b####000#0#eng#d
005 20060517192645.0
245 1 0 |a Optimization for design problems having more than one objective /  |c Arthur W. Westerberg, P.A Clark. 
260 |a Pittsburgh, Pa. :  |b Design Research Center,  |c 1982. 
300 |a [21] p. :  |b il. ;  |c 27 cm. 
500 |a Bibliografía: p. [20-21]. 
100 1 |a Westerberg, Arthur W. 
700 1 |a Clark, P. A. 
650 4 |a Matemática  |x Optimización. 
650 4 |a Mathematics  |x Optimization. 
040 |a AR-BbSID  |b spa  |c AR-BbSID 
859 |a AR-BbSID  |b BIB. PLAPIQUI  |h 536.2  |i W 52  |p 3332